[Event "FRM-chT2"]
[Site "Struga"]
[Date "2023.07.02"]
[Round "5.5"]
[White "Mucha, Libert"]
[Black "Dimitrovski, Josif"]
[Result "0-1"]
[WhiteElo "1298"]
[BlackElo "2206"]
[PlyCount "62"]
[EventDate "2023.06.30"]
[EventType "team-tourn"]
[EventRounds "7"]
[EventCountry "MKD"]
[SourceTitle "EXT 2024"]
[Source "ChessBase"]
[SourceDate "2023.10.10"]
[SourceVersion "1"]
[SourceVersionDate "2023.10.10"]
[SourceQuality "1"]

1. e4 Nf6 2. Nc3 d5 3. exd5 Nxd5 4. Bc4 Nb6 5. Bb3 c5 6. d3 Nc6 7. Be3 e6 8. Ne4 Nd7 9. Nf3 Be7 10. 0-0 0-0 11. Nfd2 b6 12. f4 Nf6 13. Nxf6+ Bxf6 14. Rb1 Nd4 15. Ne4 Bb7 16. Qg4 Nxb3 17. axb3 Be7 18. Bf2 f5 19. Qh3 fxe4 20. Qxe6+ Kh8 21. dxe4 Rxf4 22. Bd4 Qxd4+ 23. Kh1 Rxf1+ 24. Rxf1 Qxe4 25. Qh3 Qxc2 26. Qg3 Qxb2 27. h3 Bd5 28. Rf2 Qxb3 29. Qc7 Rg8 30. Qxe7 a5 31. Rd2 Be6 0-1

[Event "FRM-chT2"]
[Site "Struga"]
[Date "2023.07.02"]
[Round "4.5"]
[White "Nikolovski, Branko Nikola"]
[Black "Mucha, Libert"]
[Result "1/2-1/2"]
[WhiteElo "1446"]
[BlackElo "1298"]
[PlyCount "96"]
[EventDate "2023.06.30"]
[EventType "team-tourn"]
[EventRounds "7"]
[EventCountry "MKD"]
[SourceTitle "EXT 2024"]
[Source "ChessBase"]
[SourceDate "2023.10.10"]
[SourceVersion "1"]
[SourceVersionDate "2023.10.10"]
[SourceQuality "1"]

1. e4 c6 2. d4 d5 3. Nc3 dxe4 4. Nxe4 Bf5 5. Ng3 Bg6 6. h4 h6 7. Nf3 Nf6 8. Bd3 Bxd3 9. Qxd3 e6 10. c4 Nbd7 11. Bf4 Bb4+ 12. Bd2 Bxd2+ 13. Qxd2 0-0 14. 0-0 Qc7 15. Rfe1 Rfd8 16. Qc2 c5 17. Rad1 cxd4 18. Rxd4 Rac8 19. b3 Nf8 20. Red1 Rxd4 21. Rxd4 Rd8 22. Qd3 Rxd4 23. Qxd4 a6 24. Ne4 Nxe4 25. Qxe4 Nd7 26. Qd4 Nf6 27. b4 Qd7 28. Qxd7 Nxd7 29. Kf1 Nb6 30. Nd2 Kf8 31. Ke2 Ke7 32. Kd3 f5 33. Nb3 Nc8 34. Nc5 Nd6 35. a4 e5 36. f3 g5 37. hxg5 hxg5 38. b5 a5 39. b6 Nc8 40. Nxb7 Nxb6 41. Nxa5 Nxa4 42. Nc6+ Kf6 43. Nd8 Ke7 44. Nc6+ Kd6 45. Na5 Nc5+ 46. Kc3 e4 47. fxe4 Nxe4+ 48. Kd4 Nc5 1/2-1/2

[Event "FRM-ch op"]
[Site "Skopje"]
[Date "2023.05.10"]
[Round "8"]
[White "Mucha, Libert"]
[Black "Jancev, Valentin"]
[Result "1/2-1/2"]
[WhiteElo "1152"]
[BlackElo "1693"]
[PlyCount "119"]
[EventDate "2023.05.04"]
[EventType "swiss"]
[EventRounds "9"]
[EventCountry "MKD"]
[SourceTitle "CBM 214 Extra"]
[Source "ChessBase"]
[SourceDate "2023.07.31"]
[SourceVersion "1"]
[SourceVersionDate "2023.07.31"]
[SourceQuality "1"]

1. e4 e6 2. d4 d5 3. exd5 exd5 4. Bd3 Bd6 5. h3 Nf6 6. Nf3 Qe7+ 7. Be3 Be6 8. Nbd2 Nbd7 9. c3 c6 10. Qc2 h6 11. Nb3 Qd8 12. Qb1 b5 13. 0-0 a5 14. Qc2 0-0 15. Rfe1 Qc7 16. Rac1 a4 17. Nbd2 Bf4 18. Nf1 Rfe8 19. b3 Nb6 20. Qd2 Bxe3 21. Nxe3 Ne4 22. Qc2 Nf6 23. b4 Nbd7 24. a3 Qf4 25. Nf1 Bxh3 26. N1h2 Be6 27. Qd2 Qxd2 28. Nxd2 Nb6 29. Nhf3 Bd7 30. Ne5 Ng4 31. Ndf3 Nxe5 32. Nxe5 f6 33. Nxd7 Nxd7 34. Bg6 Rxe1+ 35. Rxe1 Kf8 36. Re6 Nb6 37. Bd3 Rc8 38. Kh2 Kf7 39. Re3 g6 40. f4 Nc4 41. Bxc4 dxc4 42. g3 Re8 43. Rxe8 Kxe8 44. Kg2 Kf7 45. Kf3 Ke6 46. Ke4 f5+ 47. Kf3 Kd5 48. Ke3 g5 49. fxg5 hxg5 50. Kf3 Ke6 51. Ke3 g4 52. Ke2 Kf6 53. Kf2 Kg6 54. Ke2 f4 55. gxf4 Kf5 56. Ke3 g3 57. Kf3 g2 58. Kxg2 Kxf4 59. Kf2 Ke4 60. Ke2 1/2-1/2

[Event "FRM-ch op"]
[Site "Skopje"]
[Date "2023.05.06"]
[Round "3"]
[White "Mucha, Libert"]
[Black "Zhezhov, Emil"]
[Result "0-1"]
[WhiteElo "1152"]
[BlackElo "1698"]
[PlyCount "76"]
[EventDate "2023.05.04"]
[EventType "swiss"]
[EventRounds "9"]
[EventCountry "MKD"]
[SourceTitle "CBM 214 Extra"]
[Source "ChessBase"]
[SourceDate "2023.07.31"]
[SourceVersion "1"]
[SourceVersionDate "2023.07.31"]
[SourceQuality "1"]

1. e4 c5 2. Nf3 e6 3. d4 cxd4 4. Nxd4 a6 5. Nc3 b5 6. a3 Qb6 7. Be3 Qc7 8. Be2 Bb7 9. f3 Nf6 10. Qd2 d6 11. 0-0 Be7 12. Rfd1 0-0 13. Bf2 Nbd7 14. Bh4 Nxe4 15. Nxe4 Bxh4 16. Nb3 d5 17. Nc3 Bf6 18. Kh1 Rac8 19. Qe3 Bxc3 20. bxc3 Qxc3 21. Bd3 Qe5 22. Qf2 Nf6 23. Re1 Qf4 24. g3 Qc7 25. Qd4 Rfe8 26. Re5 Qc3 27. Qf4 Rc4 28. Bxc4 dxc4 29. Re3 Qxc2 30. Qd6 cxb3 31. Rae1 Qf2 32. Qd1 Ng4 33. Qe2 Qxe2 34. R1xe2 Nxe3 35. Rxe3 Bd5 36. Re1 Rc8 37. Rb1 Rc2 38. h4 b2 0-1

[Event "FRM-ch U14"]
[Site "Struga"]
[Date "2022.06.20"]
[Round "3"]
[White "Mucha, Libert"]
[Black "Nikolovski, Mihail1111"]
[Result "1/2-1/2"]
[WhiteElo "1090"]
[BlackElo "1101"]
[PlyCount "48"]
[EventDate "2022.06.18"]
[EventType "swiss"]
[EventRounds "8"]
[EventCountry "MKD"]
[SourceTitle "EXT 2023"]
[Source "ChessBase"]
[SourceDate "2022.10.05"]
[SourceVersion "1"]
[SourceVersionDate "2022.10.05"]
[SourceQuality "1"]

1. e4 e5 2. Nf3 Nc6 3. d4 exd4 4. Nxd4 Bc5 5. Be3 Qf6 6. Nxc6 Qxc6 7. Bxc5 Qxc5 8. Nc3 Nf6 9. Bd3 0-0 10. 0-0 d6 11. Nd5 Nxd5 12. exd5 Bd7 13. h4 Bb5 14. c4 Bd7 15. Re1 Rfe8 16. Re2 Rxe2 17. Qxe2 Re8 18. Qd2 Re5 19. a4 a6 20. b4 Qa7 21. Re1 Rxe1+ 22. Qxe1 Qb8 23. a5 Qe8 24. Qxe8+ Bxe8 1/2-1/2

[Event "FRM-ch op"]
[Site "Skopje"]
[Date "2018.12.16"]
[Round "2"]
[White "Mucha, Libert"]
[Black "Topalov, Nikola"]
[Result "1-0"]
[WhiteElo "1053"]
[BlackElo "1539"]
[PlyCount "107"]
[EventDate "2018.12.15"]
[EventType "swiss"]
[EventRounds "9"]
[EventCountry "MKD"]
[SourceTitle "CBM 187 Extra"]
[Source "ChessBase"]
[SourceDate "2018.11.04"]
[SourceVersion "1"]
[SourceVersionDate "2018.11.04"]
[SourceQuality "1"]

1. d4 Nf6 2. c4 g6 3. Nc3 d6 4. Bf4 Bg7 5. Nf3 0-0 6. e4 Bg4 7. Be2 Bxf3 8. Bxf3 e5 9. dxe5 dxe5 10. Qxd8 Rxd8 11. Bxe5 c6 12. 0-0 Nbd7 13. Bg3 Nc5 14. Bh4 Rd2 15. Rab1 Re8 16. Bg5 Rd4 17. Be3 Rxc4 18. Be2 Rxc3 19. bxc3 Ncxe4 20. Rxb7 Nxc3 21. Bf3 Nfd5 22. Bxd5 Nxd5 23. Bxa7 Bf8 24. Rb8 Re2 25. Bc5 Ne7 26. Ba3 g5 27. Rd1 Ng6 28. Bxf8 Nxf8 29. Kf1 Rxa2 30. Rdd8 c5 31. Rxf8+ Kg7 32. Rfe8 c4 33. Rbc8 Rc2 34. Re2 Rc1+ 35. Re1 Rc2 36. g3 h5 37. Re4 c3 38. Rec4 Kg6 39. Rxc3 Ra2 40. Rg8+ Kf5 41. Rc5+ Ke4 42. Rgxg5 h4 43. Rg4+ Kd3 44. Rxh4 f5 45. Rxf5 Kd2 46. Rf3 Ra1+ 47. Kg2 Ke2 48. Re3+ Kd2 49. Rd4+ Kc2 50. h4 Ra7 51. h5 Rh7 52. Rh4 Kd2 53. h6 Rh8 54. h7 1-0

[Event "Ohrid Lasker U20 op"]
[Site "Ohrid"]
[Date "2018.10.11"]
[Round "1"]
[White "Zvezdakoski, Matej"]
[Black "Mucha, Libert"]
[Result "1-0"]
[WhiteElo "1730"]
[BlackElo "1070"]
[PlyCount "63"]
[EventDate "2018.10.11"]
[EventType "swiss"]
[EventRounds "7"]
[EventCountry "MKD"]
[SourceTitle "CBM 186 Extra"]
[Source "ChessBase"]
[SourceDate "2018.08.24"]
[SourceVersion "1"]
[SourceVersionDate "2018.08.24"]
[SourceQuality "1"]

1. e4 c5 2. c4 e5 3. Nc3 Nc6 4. g3 g6 5. Bg2 Bg7 6. d3 d6 7. Nge2 Nge7 8. 0-0 0-0 9. f4 f5 10. a3 Be6 11. Rb1 a6 12. b4 cxb4 13. axb4 Qb6+ 14. Kh1 Rac8 15. b5 axb5 16. Nxb5 Qd8 17. Ba3 Qd7 18. Nxd6 Rc7 19. exf5 gxf5 20. Nxb7 Rxb7 21. Rxb7 Qxb7 22. Bxe7 Qxe7 23. Bxc6 Rd8 24. Bd5 Bxd5+ 25. cxd5 Rxd5 26. Qb3 Qe6 27. Ra1 Rd6 28. Ra8+ Kf7 29. Ra7+ Kf6 30. fxe5+ Kxe5 31. Qc3+ Kd5 32. Nf4# 1-0

[Event "FRM-ch U10"]
[Site "Struga"]
[Date "2018.06.13"]
[Round "5"]
[White "Lazovski, Kristijan"]
[Black "Mucha, Libert"]
[Result "1/2-1/2"]
[WhiteElo "1034"]
[BlackElo "1014"]
[PlyCount "50"]
[EventDate "2018.06.09"]
[EventType "swiss"]
[EventRounds "6"]
[EventCountry "MKD"]
[SourceTitle "CBM 185 Extra"]
[Source "ChessBase"]
[SourceDate "2018.07.29"]
[SourceVersion "1"]
[SourceVersionDate "2018.07.29"]
[SourceQuality "1"]

1. e4 c5 2. Nf3 d6 3. d4 cxd4 4. Nxd4 Nf6 5. Nc3 g6 6. Be3 Bg7 7. f3 0-0 8. Qd2 Nc6 9. 0-0-0 Nxd4 10. Bxd4 Be6 11. Kb1 Qc7 12. Rc1 a6 13. Nd5 Nxd5 14. Bxg7 Kxg7 15. exd5 Bf5 16. g4 Bd7 17. h4 h6 18. Be2 Bb5 19. c4 Bd7 20. f4 f6 21. Qc3 Kh7 22. Qe3 Rae8 23. Qe4 f5 24. Qg2 Qc5 25. h5 Qe3 1/2-1/2